00672nam a2200157 a 450000100100000000500170001000800410002704000250006811000700009324501150016326000680027830000370034604900090038395201050039299900170049700002911220200930055335.0110413s1986 dr ad 000 0 spa d aDO-SdBNPbspacBNPHU1 aRepública DominicanabSecretaría de Estado de Finanzas93226410aDeuda pública de la República: Dominicana. :bdeuda pública interna y externa al 31 de diciembre , 1985. aSanto Domingo :bInstituto de Capacitación Triburaria,c1986. a213 P. :bil., gráf. ;c28 cm. aBNPD 0010718PDaPDbPDcCTd2011-04-13iLF1l0o p29112-10r2020-06-25w2020-06-25yLFPDZNo se presta c28604d28604